Nursing solved question papers for BSc nursing 1st year : (Record no. 340)

MARC details
000 -LEADER
fixed length control field 00562nam a22001937a 4500
003 - CONTROL NUMBER IDENTIFIER
control field OSt
005 - DATE AND TIME OF LATEST TRANSACTION
control field 20210215154953.0
008 - FIXED-LENGTH DATA ELEMENTS--GENERAL INFORMATION
fixed length control field 210215b ||||| |||| 00| 0 eng d
020 ## - INTERNATIONAL STANDARD BOOK NUMBER
International Standard Book Number 9789386261847
040 ## - CATALOGING SOURCE
Original cataloging agency PHNSL
Transcribing agency PHNSL
100 ## - MAIN ENTRY--PERSONAL NAME
Personal name Clement, I.
245 ## - TITLE STATEMENT
Title Nursing solved question papers for BSc nursing 1st year :
Remainder of title 2010-2016 /
Statement of responsibility, etc. I. Clement
250 ## - EDITION STATEMENT
Edition statement 3rd ed.
260 ## - PUBLICATION, DISTRIBUTION, ETC.
Place of publication, distribution, etc. New Delhi :
Name of publisher, distributor, etc. Jaypee,
Date of publication, distribution, etc. 2017.
300 ## - PHYSICAL DESCRIPTION
Extent x, 742 p. :
Other physical details ill.
500 ## - GENERAL NOTE
General note As per INC syllabus
650 ## - SUBJECT ADDED ENTRY--TOPICAL TERM
Topical term or geographic name entry element Nursing
Form subdivision Question papers
General subdivision Handbook, manual etc.
942 ## - ADDED ENTRY ELEMENTS (KOHA)
Source of classification or shelving scheme Library of Congress Classification
Koha item type Books
Holdings
Withdrawn status Lost status Source of classification or shelving scheme Damaged status Not for loan Home library Current library Shelving location Date acquired Full call number Barcode Date last seen Copy number Price effective from Koha item type Public note
    Library of Congress Classification     Public Health Nurses School Public Health Nurses School General Stacks 02/15/2021 RT55.C59 00877 02/15/2021 c.1 02/15/2021 Books soa 15/02/21
    Library of Congress Classification     Public Health Nurses School Public Health Nurses School General Stacks 02/15/2021 RT55.C59 00878 02/15/2021 c.2 02/15/2021 Books soa 15/02/21
    Library of Congress Classification     Public Health Nurses School Public Health Nurses School General Stacks 02/15/2021 RT55.C59 00879 02/15/2021 c.3 02/15/2021 Books soa 15/02/21
    Library of Congress Classification     Public Health Nurses School Public Health Nurses School General Stacks 02/15/2021 RT55.C59 00880 02/15/2021 c.4 02/15/2021 Books soa 15/02/21
    Library of Congress Classification     Public Health Nurses School Public Health Nurses School General Stacks 02/15/2021 RT55.C59 00881 02/15/2021 c.5 02/15/2021 Books soa 15/02/21
Copyright © 2025 PHNS Library. All Rights Reserved.